Κατάλογος Βιβλιοθηκών Mediterranean College

Πως Γίνεται μια Επιστημονική Εργασία; / Επιστημονική Έρευνα και Συγγραφή Εργασιών (Record no. 3108)

MARC details
000 -LEADER
fixed length control field 01987cam a22002054a 4500
005 - ΗΜΕΡΟΜΗΝΙΑ ΚΑΙ ΩΡΑ ΤΕΛΕΥΤΑΙΑΣ ΕΝΗΜΕΡΩΣΗΣ
Πεδίο ελέγχου 20250605163351.0
008 - FIXED-LENGTH DATA ELEMENTS--GENERAL INFORMATION
Πεδίο ελέγχου σταθερού μήκους 250528s ||||||||||||||||||||||||d
035 ## - SYSTEM CONTROL NUMBER
System control number 17707
020 ## - ISBN
ISBN 9789605860776
040 ## - ΠΗΓΗ ΚΑΤΑΛΟΓΟΓΡΑΦΗΣΗΣ
Φορέας πρωτότυπης καταλογογράφησης MC Athens Campus Library
Γλώσσα καταλογογράφησης Ελληνικά, Μοντέρνα (1453-)
Modifying agency MC Athens Campus Library
Κανόνες περιγραφικής καταλογογράφησης AACR2
245 1# - ΤΙΤΛΟΣ ΚΑΙ ΔΗΛΩΣΗ ΥΠΕΥΘΥΝΟΤΗΤΑΣ
Τίτλος Πως Γίνεται μια Επιστημονική Εργασία; / Επιστημονική Έρευνα και Συγγραφή Εργασιών
250 ## - EDITION STATEMENT
Edition statement
260 ## - PUBLICATION, DISTRIBUTION, ETC.
Name of publisher, distributor, etc. Κριτική,
Date of publication, distribution, etc. 2015
300 ## - PHYSICAL DESCRIPTION
Extent 408
520 ## - SUMMARY, ETC.
Summary, etc. Το βιβλίο παρουσιάζει τις κυριότερες μεθόδους εκπόνησης και συγγραφής μίας επιστημονικής εργασίας. Πρόλογος, Γνωριμία με την Επιστημονική Εργασία, Γενικά για την Επιστημονική Εργασία, Ο Σχεδιασμός και η Υλοποίηση της Έρευνας, Η Βιβλιογραφική Έρευνα,Διαδανεισμός, Δευτερογενή Δεδομένα, Κάνοντας Ποσοτική Έρευνα με Δομημένο Ερωτηματολόγιο, Κατασκευή Ερωτηματολογίου, Αξιοπιστία και Εγκυρότητα, Δειγματοληψία, Μέθοδοι Στατιστικής Ανάλυσης με Εφαρμογές στο SPSS, Μέθοδοι Ποιοτικής Έρευνας, Η Συγγραφή της Εργασίας, Τα Εισαγωγικά Στοιχεία στη Συγγραφή της Εργασίας, Η Βιβλιογραγική Επισκόπηση, Διατύπωση Υποθέσεων και Μεθοδολογία της Έρευνας, Παρουσίαση Αποτελεσμάτων της Εργασίας, Το Κλείσιμο της Εργασίας, Η Προφορική Παρουσίαση, Βιβλιογραφία.
700 1# - ΠΡΟΣΘΕΤΗ ΑΝΑΓΡΑΦΗ--ΦΥΣΙΚΟ ΠΡΟΣΩΠΟ
Personal name Ζαφειρόπουλος Κώστας
942 ## - ADDED ENTRY ELEMENTS (KOHA)
Koha item type Books
Holdings
Τύπος τεκμηρίου Βιβλιοθήκη Τρέχουσα τοποθεσία Barcode Αριθμός εισαγωγής Ημερομηνία απόκτησης Ταξιθετικό σύμβολο Αριθμός αντιτύπου Κατάσταση απόσυρσης Κατάσταση χαμένου Κατάσταση κατεστραμμένου Μη δανεισμός Σύνολο δανεισμών Ημερομηνία τελευταίας εμφάνισης Η τιμή ισχύει από
Books MC Athens Campus Library MC Athens Campus Library 9780000031075 6077 05/06/2025 808.066 ZAF 3           05/06/2025 05/06/2025

MC Athens Campus Library
Πατησίων 94 & Κοδριγκτώνος 13, 104 34
Πελλήνης 8 & Πατησίων 107, 112 51
Τ: +30 210 8899600

MC Thessaloniki Campus Library
Ίωνος Δραγούμη 21, 54625 | Ίωνος Δραγούμη 15, 54625
Τ: +30 2310 287779 – Τ: +30 2314 440300